000 00560nam a2200193 i 4500
001 9280
003 ES-MaACL
005 20230906145637.0
007 t|
008 930604s1969 xxka |||| | eng d
020 _a500-33017-4
080 _a008"11"
100 1 _aBrooke, Christopher.
_931908
245 1 4 _aThe twelfth century renaissance /
_cChristopher Brooke.
260 _aLondon :
_bThames and Hudson,
_c[1969]
300 _a216 p. :
_bil. ;
_c21 cm.
650 1 4 _aCivilización medieval.
_9146249
852 _aES-MaACL
_jL-16569
_z- Ejemplar fotocopiado
999 _c9280
_d9280